Personnages Solo Leveling par images - Statistiques

Statistiques générales
  • Ce quiz a été pris 512 fois
  • Le résultat moyen est 3 sur 8
Statistiques - réponses
Par images Réponse % Correct
Sung Jinwoo
92%
Hwang Dong Su
71%
Chae Hae In
45%
Yoo Jin Ho
32%
Go Gun Hee
28%
Igrit
23%
Choi Jong In
21%
Baek Yoon Ho
13%
Aucun quiz correspondant
Distribution des résultats
% des personnes avec chaque résultat
Percentile par nombre de réponses
Votre historique - résultats
Vous n’avez pas pris ce quiz